| 000 | 02377pam a22004091i 4500 | ||
|---|---|---|---|
| 001 | 020818366 | ||
| 003 | Uk | ||
| 005 | 20260210163855.0 | ||
| 006 | m || d | | ||
| 007 | cr ||||||||||| | ||
| 008 | 221116s2022 enka ob 000|0|eng|d | ||
| 015 |
_aGBC2L0188 _2bnb |
||
| 020 |
_z9780857089267 _qpaperback |
||
| 020 |
_a9780857089281 _qePub ebook |
||
| 037 |
_a9780857089281 _bWiley, US |
||
| 040 |
_aStDuBDS _beng _cStDuBDS _dUk _duoc _erda _epn |
||
| 042 | _aukblsr | ||
| 082 | 0 | 4 |
_a650.1 _223 _bSHA |
| 100 | 1 |
_aWasmund, Sháá, _d1972- _eauthor. _1https://isni.org/isni/000000011187158X _94632 |
|
| 245 | 1 | 0 |
_aStop talking, start doing : _ba kick in the pants in six parts / _cSháá Wasmund with Richard Newton. |
| 250 | _aSecond edition. | ||
| 264 | 1 |
_aChichester : _bCapstone, _c2022. |
|
| 300 |
_axi; 186 pages: _billustrations; _c21 cm |
||
| 336 |
_atext _2rdacontent _btxt |
||
| 337 |
_aunmediated _2rdamedia _bn |
||
| 338 |
_avolume _2rdacarrier _bnc |
||
| 500 | _aPrevious edition: 2012. | ||
| 504 | _aIncludes bibliographical references. | ||
| 505 | 0 | _a <p><b>How to Get From Talking…</b></p> <p><b>1 TICK TOCK</b></p> <p>The speed of life</p> <p>Trying to catch up</p> <p>If not now, then when?</p> <p>Would, could, should…</p> <p><b>2 THE ITCH</b></p> <p>What do you want?</p> <p>What makes you happy?</p> <p>Time to stop daydreaming</p> <p>Self awareness</p> <p>Where are you scratching?</p> <p><b>3 FEAR AND REGRET</b></p> <p>Embrace fear</p> <p>Flush the excuses</p> <p>Your discomfort zone</p> <p>Leave regret</p> <p>Seize control</p> <p>If only…</p> <p><b>4 START</b></p> <p>Do what you say</p> <p>The power of Marshmallows</p> <p>The whoosh of time</p> <p>Climb into the ring</p> <p>The danger of hesitation</p> <p><b>5 THE ART OF DECISION- MAKING</b></p> <p>Propulsion</p> <p>Too much jam?</p> <p>State of flow</p> <p>Get on with it</p> <p>The danger of drifting</p> <p><b>6 …AND ACTION</b></p> <p>What’s your goal?</p> <p>Chunk it down</p> <p>Now what?</p> <p>Eating elephants</p> <p>Planning … to Doing</p> | |
| 588 | _aDescription based on CIP data; resource not viewed. | ||
| 650 | 0 | _aSuccess. | |
| 650 | 0 | _aSuccess in business. | |
| 650 | 0 | _aSelf-realization. | |
| 700 | 1 |
_aNewton, Richard, _d1964- _eauthor. _1https://isni.org/isni/0000000114762768 _92018 |
|
| 942 |
_2ddc _cBK |
||
| 999 |
_c1852 _d1852 |
||